Axolotiada: vida y mito de un anfibio mexicano

Wedi'i Gadw mewn:
Manylion Llyfryddiaeth
Prif Awdur: Bartra, Roger (Awdur)
Fformat: Llyfr
Iaith:Sbaeneg
Cyhoeddwyd: Ciudad de México Fondo de Cultura Económica 2011
Rhifyn:1a. ed
Pynciau:
Tagiau: Ychwanegu Tag
Dim Tagiau, Byddwch y cyntaf i dagio'r cofnod hwn!

MARC

LEADER 00000cam a2200000 a 4500
001 UCG8068
003 CL-VaPUC
008 111118e20110000MX |||||||||||||||||spa|d
020 |a 9786071605597 
082 0 4 |a 596  |b BAR  |2 21 
100 0 |a Bartra, Roger  |e author  |9 558614 
245 1 0 |a Axolotiada: vida y mito de un anfibio mexicano 
250 |a 1a. ed 
300 |a 415 p 
942 |c BK 
945 |d 20111118 00:00:00  |a dcastane 
260 |a Ciudad de México  |b Fondo de Cultura Económica  |c 2011 
650 0 |a Anfibios   |9 269791 
650 7 |a AXOLOTES  |2 CL-VaPUC  |9 558615 
650 0 |a Vertebrados  |9 320144 
650 0 |a Paleontología de los vertebrados  |9 338539 
583 |a last modification  |c 20111118 11:09:00  |k Rodrigo Vera 
999 |c 345707  |d 345705 
952 |0 0  |1 0  |2 ddc  |4 0  |6 596_000000000000000_BAR_2011  |7 0  |8 A  |9 445505  |a BIBART  |b BIBART  |d 2019-11-22  |i 4799852  |l 2  |o 596 BAR 2011  |p 4799852  |r 2025-03-13  |s 2022-11-22  |w 2019-11-22  |y BK  |k ART